| 000 | 00538nam a22001937a 4500 | ||
|---|---|---|---|
| 999 |
_c167428 _d167428 |
||
| 005 | 20190902152607.0 | ||
| 010 | _aENG-126393 | ||
| 020 |
_c225.00 _a978-93-50331-21-7 |
||
| 035 | _aEN-109925 | ||
| 037 | _bDBAD/PUB | ||
| 082 | _aN | ||
| 100 | _aLawrence,D.H. | ||
| 245 |
_aThe Rainbow/ _cby D.H. Lawrence |
||
| 260 |
_bMaple Classics _c2018 _aU.P. |
||
| 270 |
_aA-63, Sector 58 _bNoida _e201301 _k+91 120 4553581, 4553583 _minfo@maplepress.co.in |
||
| 300 |
_a512p. _c22cm(pbk) |
||
| 650 | _aENGLISH NOVEL | ||
| 942 |
_2ddc _cEN _hN _mLAW |
||